[Event "TCh-FRA Top 12 2017"]
[Site "Chartres FRA"]
[Date "2017.05.22"]
[Round "5.5"]
[White "Flear,G"]
[Black "Li Chao2"]
[Result "0-1"]
[WhiteElo "2439"]
[BlackElo "2722"]

1.d4 Nf6 2.c4 g6 3.Nc3 d5 4.Nf3 Bg7 5.Qb3 dxc4 6.Qxc4 Be6 7.Qd3 O-O 8.e4 c5
9.d5 Bc8 10.Be3 b6 11.Qd2 e6 12.Be2 exd5 13.exd5 Bb7 14.Rd1 Re8 15.O-O Nbd7
16.Rfe1 a6 17.a4 Ne4 18.Nxe4 Rxe4 19.Qc2 Nf6 20.d6 Re6 21.a5 Nd5 22.axb6 Nxe3
23.fxe3 Rxd6 24.Qxc5 Bf8 25.Rxd6 Bxd6 26.Qd4 Qe7 27.Bc4 Rd8 28.Qh4 Qxh4
29.Nxh4 Bc5 30.Nf3 Bxb6 31.Kf2 Kg7 32.Re2 f5 33.g3 Re8 34.Nd4 Kf6 35.Rc2 Rc8
36.Rc3 a5 37.Rb3 Bxd4 38.exd4 Rxc4 39.Rxb7 Rxd4 40.Rxh7 Rd2+ 41.Kf3 Rxb2
42.Ra7 Rb3+ 43.Kg2 Ra3 44.h4 a4 45.Ra6+ Kg7 46.Ra8 Ra1 47.Kh2 Ra2+ 48.Kh3 Kh7
49.Ra7+ Kh6 50.Ra8 g5 51.hxg5+ Kxg5 52.Ra6 a3 53.Ra8 Kf6 54.Ra6+ Ke5 55.Ra5+
Ke4 56.Ra4+ Kd3 57.Rf4 Ra1 58.Kg2 Re1 59.Ra4 Re2+ 60.Kf1 Ra2 61.Rf4 Ke3 {#R}
0-1

[Event "TCh-FRA Top 12 2017"]
[Site "Chartres FRA"]
[Date "2017.05.22"]
[Round "5.5"]
[White "Youssoupov,M"]
[Black "Palac,M"]
[Result "0-1"]
[WhiteElo "2233"]
[BlackElo "2573"]

1.d4 d5 2.Bf4 c5 3.e3 cxd4 4.exd4 Nc6 5.c3 Bf5 6.Nd2 e6 7.Qb3 Qd7 8.Ngf3 Nge7
9.Ne5 Nxe5 10.Bxe5 Nc6 11.Bg3 h5 12.h4 Bd6 13.Bxd6 Qxd6 14.Be2 O-O-O 15.Qa4
Kb8 16.g3 f6 17.O-O-O e5 18.Nb3 Rc8 19.Qb5 e4 20.a3 Ka8 21.Qc5 Qd8 22.Qb5 g6
23.Nc5 b6 24.Na6 Qd6 25.Nb4 Ne7 26.Nc2 a5 27.Ne3 Bd7 28.Qa6+ Kb8 29.Bb5 Be6
30.a4 Rxc3+ 31.bxc3 Bc8 32.Kd2 Bxa6 33.Bxa6 Ka7 34.Bb5 Nf5 35.Nxf5 gxf5 36.Ke3
Rg8 37.Be2 f4+ 38.gxf4 Qa3 39.Rc1 Qb2 40.f5 Rc8 41.c4 dxc4 42.Rhg1 c3 43.Bxh5
Qd2+ 44.Kxe4 Rd8 45.Kf3 Qd3+ 46.Kg2 Qxf5 47.Be2 Rg8+ 48.Kf1 Qh3+ {#R} 0-1

[Event "TCh-FRA Top 12 2017"]
[Site "Chartres FRA"]
[Date "2017.05.22"]
[Round "5.5"]
[White "Moucheroud,J"]
[Black "Lagarde,Max"]
[Result "0-1"]
[WhiteElo "2197"]
[BlackElo "2601"]

1.e4 c5 2.Nf3 Nc6 3.d4 cxd4 4.Nxd4 Qb6 5.Nb3 Nf6 6.Nc3 e6 7.a3 a6 8.Be2 Qc7
9.f4 d6 10.O-O b5 11.Bf3 Bb7 12.Kh1 Be7 13.Be3 Nd7 14.a4 b4 15.Ne2 O-O 16.Qe1
Nb6 17.Bxb6 Qxb6 18.a5 Qb5 19.Nec1 Qc4 20.Qe2 Qxe2 21.Bxe2 g5 22.Nd3 gxf4
23.Rxf4 Ne5 24.Nxb4 Bg5 25.Rff1 Bxe4 26.Nxa6 Bxc2 27.Nd4 Bg6 28.Nc7 Rac8
29.Ndb5 Be3 30.a6 Nc6 31.Rfc1 Nd4 32.Rc3 Bd2 33.Nxd4 Bxc3 34.Ndb5 Bxb2 35.Ra2
Bd4 36.a7 Bxa7 37.Rxa7 Rfd8 38.h4 h5 39.Kh2 d5 40.Kg3 Rd7 41.Kf4 e5+ 42.Kg5 d4
43.g4 d3 44.Bd1 hxg4 45.h5 g3 46.Bb3 Be4 47.Kf6 d2 48.Ra1 Bf3 49.Bd1 e4 50.h6
Rdxc7 51.Nxc7 Rxc7 {#R} 0-1

[Event "TCh-FRA Top 12 2017"]
[Site "Chartres FRA"]
[Date "2017.05.22"]
[Round "5.5"]
[White "Sulava,N"]
[Black "Touzane,O"]
[Result "1-0"]
[WhiteElo "2468"]
[BlackElo "2277"]

1.Nf3 g6 2.e4 Bg7 3.d4 d6 4.Be3 Nf6 5.Nc3 c6 6.Qd2 b5 7.Bd3 O-O 8.a4 Qa5 9.b4
Qb6 10.O-O bxa4 11.Nxa4 Qb7 12.h3 c5 13.e5 cxd4 14.Bxd4 dxe5 15.Nc5 Qd5 16.c4
Qd8 17.Bxe5 Nbd7 18.Nxd7 Qxd7 19.Be2 Qf5 20.Ra5 Bb7 21.Qf4 Qc2 22.Nd4 Qe4
23.Qxe4 Nxe4 24.Bxg7 Kxg7 25.Bf3 Rfd8 26.Nb3 Nd6 27.c5 Bxf3 28.cxd6 Be2 29.Re1
Bc4 30.dxe7 Re8 31.Nd4 Kf6 32.Nc6 a6 33.Rc5 Bb5 34.g4 h6 35.h4 Rac8 36.g5+
hxg5 37.hxg5+ Kg7 38.Nd8 Rxc5 39.bxc5 f6 40.f4 Bd7 41.Nb7 fxg5 42.Nd6 Rh8
43.e8=Q Bxe8 44.Nxe8+ Kf8 45.fxg5 Rh3 46.Re5 a5 47.Nd6 a4 48.Kg2 Rb3 49.Re8+
Kg7 50.Re7+ Kf8 51.Rf7+ Kg8 52.Ra7 Rc3 53.Ne4 Rc4 54.Kf3 Kf8 55.Ke3 {#r} 1-0

[Event "TCh-FRA Top 12 2017"]
[Site "Chartres FRA"]
[Date "2017.05.22"]
[Round "5.5"]
[White "Ouakhir,M"]
[Black "Babault,P"]
[Result "0-1"]
[WhiteElo "2277"]
[BlackElo "2411"]

1.d4 d5 2.c4 c6 3.Nc3 Nf6 4.e3 e6 5.Nf3 Nbd7 6.Bd3 dxc4 7.Bxc4 b5 8.Bd3 Bd6
9.e4 e5 10.O-O O-O 11.Re1 exd4 12.e5 Nxe5 13.Nxe5 dxc3 14.Nxc6 Qc7 15.Bxb5 Bb7
16.Nd4 Bxh2+ 17.Kh1 Be5 18.bxc3 Ne4 19.Be3 Nxc3 20.Qg4 Bc8 21.Qh4 Nxb5 22.Nxb5
Qd7 23.Rab1 Bf6 24.Bg5 Bxg5 25.Qxg5 Rb8 26.Re7 Qd3 27.Rb3 Qf1+ 28.Kh2 Rb6
29.Rg3 Rg6 30.Qh5 Qxf2 31.Rxg6 hxg6 32.Qe5 a6 33.Nd6 Be6 34.Ne8 Qh4+ 35.Kg1
Qh6 36.Nc7 Bxa2 37.Nxa6 g5 38.Nc5 Qb6 39.Kh2 Qb8 40.Rc7 f6 41.Qd6 Bf7 42.Nd7
Rd8 43.Kh1 Qb1+ 44.Kh2 Qf5 45.Qe7 Qf4+ 46.Kg1 Re8 {#R} 0-1

[Event "TCh-FRA Top 12 2017"]
[Site "Chartres FRA"]
[Date "2017.05.22"]
[Round "5.6"]
[White "Maze,S"]
[Black "Solodovnichenko,Y"]
[Result "1-0"]
[WhiteElo "2619"]
[BlackElo "2576"]

1.d4 Nf6 2.Nf3 c5 3.d5 b5 4.Bg5 Qb6 5.Bxf6 Qxf6 6.c3 d6 7.e4 a6 8.Nbd2 g5 9.a4
g4 10.Ng1 b4 11.cxb4 cxb4 12.Nc4 Nd7 13.Bd3 Ne5 14.Nb6 Nxd3+ 15.Qxd3 Qxb2
16.Rb1 Qa3 17.Qc4 Rb8 18.Nxc8 Qxa4 19.Na7 Bg7 20.Ne2 O-O 21.O-O a5 22.Nd4 Bxd4
23.Qxd4 Qd7 24.Nc6 Rb5 25.Rfc1 Ra8 26.Qd3 Rb7 27.h3 Kh8 28.Kh2 f6 29.Rb3 gxh3
30.gxh3 Qc7 31.Rg1 e5 32.Qd2 a4 33.Rxb4 Rxb4 34.Nxb4 Rg8 35.Rxg8+ Kxg8 36.Nc6
Qb6 37.Kg2 a3 38.Qh6 Qc7 39.Qxf6 a2 40.Ne7+ Qxe7 41.Qxe7 a1=Q 42.Qxd6 Qd4
43.Qe6+ Kg7 44.Qf5 Kg8 45.h4 Kg7 46.Qg4+ Kh8 47.h5 Qc5 48.Qf5 Qe7 49.Kh3 Kg7
50.Kg4 {#r} 1-0

[Event "TCh-FRA Top 12 2017"]
[Site "Chartres FRA"]
[Date "2017.05.22"]
[Round "5.6"]
[White "Hamitevici,V"]
[Black "Rodshtein,M"]
[Result "0-1"]
[WhiteElo "2487"]
[BlackElo "2698"]

1.c3 d5 2.f4 g6 3.Nf3 Bg7 4.g3 c6 5.Bg2 Qb6 6.Qb3 Nd7 7.d3 Nh6 8.Na3 Nc5
9.Qxb6 axb6 10.Nc2 Nf5 11.Kf2 O-O 12.g4 Nd6 13.h3 f6 14.Kg3 e5 15.Rd1 Re8
16.fxe5 fxe5 17.Nd2 Be6 18.Nb3 Na4 19.Nd2 Bh6 20.e3 b5 21.a3 Nc5 22.d4 exd4
23.cxd4 Nd3 24.Bf1 Nxc1 25.Raxc1 Bf7 26.Re1 Re7 27.Bd3 Rae8 28.Kf2 Nc4 29.Bxc4
dxc4 30.Re2 b6 31.Rce1 c5 32.e4 Bg7 33.Nf3 h6 34.h4 Be6 35.Kg3 Bd5 36.e5 Rf7
37.Re3 Bxf3 38.Rxf3 cxd4 39.Nxd4 Rxe5 40.Ref1 Rxf3+ 41.Rxf3 Re4 42.Nxb5 Be5+
43.Kf2 Bxb2 44.h5 g5 45.Re3 Rxg4 46.Re8+ Kg7 47.Re7+ Kf8 48.Rb7 c3 49.Rc7 Rh4
50.Nxc3 Bxa3 51.Nd5 Bc5+ 52.Kg2 Rxh5 53.Nf6 Rh2+ {#R} 0-1

[Event "TCh-FRA Top 12 2017"]
[Site "Chartres FRA"]
[Date "2017.05.22"]
[Round "5.6"]
[White "Naiditsch,A"]
[Black "Brunner,N"]
[Result "1-0"]
[WhiteElo "2700"]
[BlackElo "2459"]

1.e4 e5 2.Nf3 Nc6 3.Nc3 Nf6 4.Bb5 Bb4 5.O-O O-O 6.d3 Bxc3 7.bxc3 d6 8.h3 Qe7
9.Re1 a6 10.Bxc6 bxc6 11.d4 a5 12.c4 exd4 13.Nxd4 c5 14.Nb5 Be6 15.Qd3 Nd7
16.Qg3 Ne5 17.f4 Nxc4 18.f5 Bc8 19.Nxc7 Qxc7 20.f6 g6 21.Qg5 Kh8 22.Rf1 d5
23.Rf4 Qe5 24.Qh6 Qd4+ 25.Kh2 {#r} 1-0

[Event "TCh-FRA Top 12 2017"]
[Site "Chartres FRA"]
[Date "2017.05.22"]
[Round "5.6"]
[White "Edouard,R"]
[Black "Savina,A"]
[Result "1-0"]
[WhiteElo "2640"]
[BlackElo "2364"]

1.e4 d6 2.d4 Nf6 3.Nc3 e5 4.Nf3 Nbd7 5.g4 h6 6.Rg1 c6 7.g5 hxg5 8.Nxg5 exd4
9.Qxd4 Qb6 10.Qd2 Rxh2 11.Qf4 Rh8 12.Bc4 Ne5 13.Bb3 Bg4 14.Be3 Qc7 15.Bd4
O-O-O 16.f3 c5 17.Bf2 Rh5 18.fxg4 Rxg5 19.Bh4 Rxg4 20.Rxg4 Nexg4 21.Nd5 Qd7
22.O-O-O Nxd5 23.Bxd5 f6 24.Qd2 Kb8 25.Re1 g6 26.Kb1 Bh6 27.Qc3 Rf8 28.a3 Bf4
29.Qb3 Ne5 30.Bg3 Bxg3 31.Qxg3 Rh8 32.Rf1 Qh3 33.Qf2 Rf8 34.Rg1 Qh7 35.Rg3 f5
36.Rb3 b6 37.a4 Kc7 38.Qf1 Nc6 39.Rh3 Qd7 40.Qh1 Re8 41.exf5 Ne7 42.Bf7 gxf5
43.Bxe8 Qxe8 44.Rh7 Qf8 45.Qd5 Kd7 46.Rf7 {#r} 1-0

[Event "St Louis Spring Classic A"]
[Site "Saint Louis USA"]
[Date "2017.05.16"]
[Round "1.4"]
[White "Mareco,S"]
[Black "Ipatov,Alexander"]
[Result "0-1"]
[WhiteElo "2648"]
[BlackElo "2662"]

1.c4 Nf6 2.Nc3 d5 3.cxd5 Nxd5 4.g3 g6 5.Bg2 Nxc3 6.bxc3 Bg7 7.Rb1 Nc6 8.h4 h6
9.Nf3 O-O 10.O-O e5 11.d3 Rb8 12.Be3 b6 13.Qd2 Kh7 14.Rfd1 Ne7 15.Qc2 Nf5
16.Bc5 Nd6 17.Ba3 Bb7 18.h5 c5 19.e4 g5 20.g4 Qc8 21.Nh2 Qc6 22.f3 Nb5 23.Qb3
Nxa3 24.Qxa3 c4 25.dxc4 Rfc8 26.Bf1 Bf8 27.Qb3 Bc5+ 28.Kg2 Qf6 29.Qc2 Qf4
30.Qd2 Be3 31.Qd7 Kg7 32.Bd3 Bc6 33.Qf5 Ba4 34.Re1 Rd8 35.Nf1 Rxd3 36.Rxe3
Rbd8 37.Rbe1 Bd1 38.Kf2 Rd2+ 39.R3e2 Rxe2+ 40.Rxe2 Bxe2 41.Kxe2 Rd6 42.a4 Rf6
43.Qxf4 gxf4 44.Nd2 Rc6 45.Kd3 Rd6+ 46.Ke2 Kf6 47.Nb3 Kg5 48.c5 bxc5 49.Nxc5
Rc6 50.Nd3 f6 51.Kd2 a5 {#R} 0-1

[Event "St Louis Spring Classic A"]
[Site "Saint Louis USA"]
[Date "2017.05.17"]
[Round "2.1"]
[White "Akobian,V"]
[Black "Swiercz,D"]
[Result "1-0"]
[WhiteElo "2661"]
[BlackElo "2649"]

1.d4 Nf6 2.c4 e6 3.Nc3 Bb4 4.Qc2 O-O 5.Nf3 d5 6.e3 c5 7.a3 Bxc3+ 8.Qxc3 cxd4
9.Nxd4 b6 10.b4 Bb7 11.Bb2 Nbd7 12.cxd5 Bxd5 13.Nc6 Qe8 14.Nd4 Rc8 15.Qd2 Ne5
16.Bb5 Qe7 17.O-O Ne4 18.Qe2 Nd6 19.Ba6 Bc4 20.Bxc4 Nexc4 21.b5 Qb7 22.a4 Nxb2
23.Qxb2 Nc4 24.Qb4 Na5 25.Rac1 Rxc1 26.Rxc1 Rc8 27.Rc3 g6 28.h3 Rc7 29.Nc6
Nxc6 30.Qd6 Rc8 31.Rxc6 h5 32.h4 Kg7 33.Kh2 Qb8 34.Qxb8 Rxb8 35.Rc7 Ra8 36.Rb7
a6 37.Rxb6 axb5 38.axb5 Ra4 39.g3 Rb4 40.Kg2 f5 41.f4 Rb2+ 42.Kf1 Kf7 43.Rb7+
Kf6 44.Ke1 Rg2 45.b6 Rxg3 46.Kd2 Rg1 47.Kc2 Rg2+ 48.Kc3 Rg1 49.Rh7 Rb1 50.b7
e5 51.Kc4 exf4 52.exf4 g5 53.Kc5 Kg6 54.Rc7 Rc1+ 55.Kd6 Rb1 56.Kd7 gxf4
57.Rc6+ Kg7 58.Kc7 f3 59.b8=Q Rxb8 60.Kxb8 f2 61.Rc1 Kf6 62.Kc7 f4 63.Kd6 Kf5
64.Kd5 Kg4 65.Ke4 Kg3 66.Rc3+ Kxh4 67.Rf3 Kg4 68.Rxf2 h4 69.Rxf4+ Kg3 70.Rf3+
Kg2 71.Kf4 h3 72.Rg3+ Kh2 73.Kf3 {#r} 1-0

[Event "St Louis Spring Classic A"]
[Site "Saint Louis USA"]
[Date "2017.05.18"]
[Round "3.2"]
[White "Xiong,Jeffery"]
[Black "Kacheishvili,G"]
[Result "1-0"]
[WhiteElo "2652"]
[BlackElo "2590"]

1.d4 Nf6 2.c4 e6 3.g3 d5 4.Bg2 dxc4 5.Nf3 Nc6 6.Qa4 Bb4+ 7.Bd2 Bd6 8.Na3 Ne4
9.Nxc4 Nxd2 10.Nfxd2 Bd7 11.e3 O-O 12.Qb3 b5 13.Nxd6 cxd6 14.d5 exd5 15.Qxd5
Rc8 16.O-O Nb4 17.Qxd6 a5 18.Nb3 Be6 19.Qxd8 Rfxd8 20.Nxa5 Rd2 21.a3 Nd3
22.Nc6 Kf8 23.b4 Bb3 24.Nd4 Ba4 25.Bc6 Rb8 26.Be4 Ne5 27.Rfc1 Ng4 28.Rf1 Rb6
29.Rac1 Ne5 30.Rc5 Nc4 31.Rc8+ Ke7 32.Rc7+ Kf6 33.Bd5 Ne5 34.f4 Ng4 35.Rxf7+
Kg6 36.Rf5 h6 37.Be4 Nxe3 38.Rxb5+ {#r} 1-0

[Event "St Louis Spring Classic A"]
[Site "Saint Louis USA"]
[Date "2017.05.18"]
[Round "3.3"]
[White "Mareco,S"]
[Black "Baryshpolets,A"]
[Result "1-0"]
[WhiteElo "2648"]
[BlackElo "2591"]

1.Nf3 Nf6 2.c4 e6 3.g3 d5 4.Bg2 dxc4 5.Qa4+ Bd7 6.Qxc4 c5 7.Ne5 Qc8 8.Nxd7
Qxd7 9.b3 Nc6 10.Bb2 Be7 11.O-O Rc8 12.d3 Nd4 13.Re1 b5 14.Qc1 O-O 15.e3 Nc6
16.Rd1 Nb4 17.Bf1 Rfd8 18.Nc3 a6 19.a3 Nc6 20.Ne2 Ng4 21.Bg2 f5 22.Qd2 e5
23.Bc3 Qe6 24.Qb2 b4 25.axb4 Nxb4 26.Bxb4 cxb4 27.h3 Nf6 28.Bb7 Rc7 29.Bxa6 f4
30.Kh2 f3 31.Ng1 Qf5 32.Ra5 Rc3 33.Kh1 h5 34.Bc4+ Kh8 35.e4 Qc8 36.Rxe5 Qc7
37.Rf5 g6 38.Rxf3 Nxe4 39.Re3 Nd6 40.Ne2 Bf6 41.Nxc3 bxc3 42.Qe2 Nf5 43.Re8+
Kg7 44.Rxd8 Qxd8 45.d4 Nxd4 46.Qe4 Qb6 47.Kg2 g5 48.Bd3 Qc6 49.Qxc6 Nxc6
50.Be4 Nd4 51.b4 Kf8 52.Rb1 Nb5 53.Bd3 Na3 54.Re1 c2 55.b5 Bc3 56.Rf1 Ke7
57.b6 {#r} 1-0

[Event "St Louis Spring Classic A"]
[Site "Saint Louis USA"]
[Date "2017.05.18"]
[Round "3.4"]
[White "Swiercz,D"]
[Black "Ipatov,Alexander"]
[Result "1-0"]
[WhiteElo "2649"]
[BlackElo "2662"]

1.e4 e5 2.Nf3 Nc6 3.Bb5 a6 4.Ba4 Nf6 5.O-O Be7 6.Re1 b5 7.Bb3 d6 8.c3 O-O 9.h3
Nd7 10.d4 Bf6 11.d5 Ne7 12.a4 Nc5 13.axb5 Nxb3 14.Qxb3 Rb8 15.c4 axb5 16.cxb5
Bd7 17.Nc3 Qe8 18.Ra5 Nc8 19.Bg5 Bxg5 20.Nxg5 Ne7 21.Nf3 Qd8 22.Ra7 Nc8 23.Ra3
f5 24.exf5 Bxf5 25.Qd1 Nb6 26.Ra7 Rf7 27.b3 h6 28.Re3 Nc8 29.Ra4 Ne7 30.Nh4
Bh7 31.Rf3 Rxf3 32.Qxf3 Qe8 33.Ra7 g5 34.Qg4 Qc8 35.Nf3 Bf5 36.Qc4 Rb7 37.Rxb7
Qxb7 38.Nxe5 Qa7 39.Nc6 Qa1+ 40.Kh2 Ng6 41.Nd4 Bxh3 42.gxh3 Qe1 43.Qe2 Qxc3
44.Qe6+ Kh7 45.Qf7+ Kh8 46.Qxg6 Qxd4 47.Qxh6+ Kg8 48.Qxg5+ Kf7 49.Qf5+ Ke7
50.Kg2 Qb4 51.Qd3 Kf6 52.Kg3 Qe1 53.Qf3+ Kg7 54.h4 Qg1+ 55.Kh3 Qb1 56.h5 Kh6
57.Kh4 Qa1 58.Qf8+ Kh7 59.Qf7+ Kh8 60.Kg5 {#r} 1-0

[Event "St Louis Spring Classic A"]
[Site "Saint Louis USA"]
[Date "2017.05.19"]
[Round "4.1"]
[White "Kacheishvili,G"]
[Black "Mareco,S"]
[Result "0-1"]
[WhiteElo "2590"]
[BlackElo "2648"]

1.d4 Nf6 2.c4 e6 3.Nf3 c5 4.d5 exd5 5.cxd5 d6 6.Nc3 g6 7.Bf4 a6 8.a4 Bg7 9.h3
O-O 10.e3 Qe7 11.Nd2 Nbd7 12.Nc4 Ne8 13.a5 Ne5 14.Nb6 Rb8 15.Be2 f5 16.O-O Nf6
17.Rc1 Nfd7 18.Nca4 g5 19.Bh2 f4 20.Kh1 Nxb6 21.Nxb6 fxe3 22.fxe3 Bf5 23.Qd2
g4 24.hxg4 Bxg4 25.Rf4 Bxe2 26.Qxe2 Ng6 27.Rg4 Rf5 28.Qd3 Rh5 29.Nc4 Be5
30.Rxg6+ Kh8 31.Rg4 Bxh2 32.Rf1 Rg8 33.Rf5 Rh4 34.Rxg8+ Kxg8 35.g3 Bxg3+
36.Kg2 Rh2+ 37.Kf3 Qh4 38.Rf8+ Kxf8 39.Qf5+ Ke7 {#R} 0-1

[Event "St Louis Spring Classic A"]
[Site "Saint Louis USA"]
[Date "2017.05.20"]
[Round "5.1"]
[White "Xiong,Jeffery"]
[Black "Akobian,V"]
[Result "0-1"]
[WhiteElo "2652"]
[BlackElo "2661"]

1.d4 e6 2.c4 Nf6 3.g3 Bb4+ 4.Bd2 Bxd2+ 5.Qxd2 d5 6.Bg2 c6 7.Nf3 Nbd7 8.O-O O-O
9.Ne5 Qc7 10.f4 Rd8 11.Na3 Ne4 12.Qc2 f5 13.e3 Nxe5 14.fxe5 Qe7 15.Rac1 Bd7
16.Nb1 Be8 17.Nc3 Bh5 18.cxd5 cxd5 19.Nxe4 fxe4 20.Bh3 Bf3 21.Qc5 Qe8 22.Qb4
Rd7 23.Rc3 h5 24.Rfc1 Bg4 25.Bf1 h4 26.Rc7 Rxc7 27.Rxc7 hxg3 28.h3 Qg6 29.Qxb7
Rf8 30.Rc8 Qf5 {#R} 0-1

[Event "St Louis Spring Classic A"]
[Site "Saint Louis USA"]
[Date "2017.05.20"]
[Round "5.2"]
[White "Mareco,S"]
[Black "Zherebukh,Y"]
[Result "0-1"]
[WhiteElo "2648"]
[BlackElo "2632"]

1.e4 c5 2.Nf3 d6 3.Bb5+ Nd7 4.O-O a6 5.Bd3 Ngf6 6.c3 b5 7.Bc2 Bb7 8.Re1 c4
9.a4 e6 10.axb5 axb5 11.Rxa8 Qxa8 12.Na3 Be7 13.Nd4 O-O 14.Ndxb5 Ne5 15.f3 Nd3
16.Nxc4 Nxe1 17.Qxe1 d5 18.exd5 Bxd5 19.Ne3 Bc6 20.Nd4 Bb7 21.Nb3 Bc6 22.Nd4
Bb7 23.Nb3 Bc6 24.Nd4 Bd7 25.b4 Rc8 26.Bb3 Ba4 27.Bc4 Bd7 28.d3 Qa7 29.Nec2
Bd6 30.Be3 Qc7 31.g3 Qb7 32.Qf1 Nd5 33.Bd2 Nb6 34.Bb3 Na4 35.Ne2 Nb2 36.Nf4
Ba4 37.Bxa4 Qa7+ 38.Kg2 Qxa4 39.Ne3 Qa2 40.Kh3 Na4 41.Qe1 Nb2 42.Qf1 Bxf4
43.gxf4 Qa6 44.Nc4 Nxc4 45.dxc4 Rxc4 46.Kg2 Qb5 47.Qd3 Qd5 48.Qxd5 exd5 49.Kf2
d4 50.cxd4 Rxd4 51.Ke3 Rd5 52.Bc3 f6 53.h4 Kf7 54.Ke4 Ke6 55.Bd4 Rh5 56.Bf2 g6
57.Be1 Rd5 58.Bc3 Rd1 59.Bd4 f5+ 60.Ke3 Kd5 61.Bb6 Kc4 62.Ba5 Rh1 63.Bd8 Kxb4
64.Kf2 Kc4 65.Ke2 Kc3 66.Bf6+ Kc2 67.Kf2 Kd3 68.Bd8 Rc1 69.Bb6 Rc2+ 70.Kf1 Rc4
{#R} 0-1

[Event "St Louis Spring Classic A"]
[Site "Saint Louis USA"]
[Date "2017.05.20"]
[Round "5.5"]
[White "Swiercz,D"]
[Black "Baryshpolets,A"]
[Result "1-0"]
[WhiteElo "2649"]
[BlackElo "2591"]

1.e4 e5 2.Nf3 Nc6 3.Bb5 Nf6 4.d3 d6 5.O-O a6 6.Bxc6+ bxc6 7.d4 exd4 8.Qxd4 Be7
9.c4 O-O 10.Nc3 Nd7 11.Bf4 Bf6 12.Qd2 a5 13.Rac1 Re8 14.Rfe1 Ba6 15.Nd4 Bb7
16.Nf5 Ne5 17.b3 Bc8 18.Rcd1 Ng6 19.Bg3 Bxf5 20.exf5 Ne7 21.Ne4 Nxf5 22.Nxf6+
gxf6 23.Qf4 Qd7 24.Qg4+ Kh8 25.Bf4 Rg8 26.Qh3 a4 27.Bd2 axb3 28.axb3 Rg6
29.Bc3 Rag8 30.Re4 Rh6 31.Qf3 Rgg6 32.Rf4 Ng7 33.Bxf6 Kg8 34.Bb2 Re6 35.g3
Rhg6 36.Bc3 Re8 37.h4 Ne6 38.Re4 d5 39.Qf5 Rd8 40.h5 Rg5 {#r} 1-0

[Event "St Louis Spring Classic A"]
[Site "Saint Louis USA"]
[Date "2017.05.21"]
[Round "6.4"]
[White "Baryshpolets,A"]
[Black "Ipatov,Alexander"]
[Result "0-1"]
[WhiteElo "2591"]
[BlackElo "2662"]

1.d4 g6 2.c4 Bg7 3.e4 e6 4.Nc3 Ne7 5.Nf3 d5 6.e5 h6 7.h4 b6 8.cxd5 exd5 9.Be2
Be6 10.Be3 Nd7 11.Qd2 a6 12.Bd1 c5 13.Bb3 cxd4 14.Bxd4 Nc5 15.Bc2 Rc8 16.Rd1
Bg4 17.Qf4 h5 18.Bxc5 Rxc5 19.Ng5 O-O 20.f3 Bf5 21.Bb3 Qc7 22.Nxd5 Nxd5
23.Rxd5 Rxd5 24.Bxd5 Bxe5 25.Qc4 Bg3+ 26.Ke2 Qe5+ 27.Ne4 Qxb2+ 28.Ke3 Rc8
29.Qb3 Qxg2 30.Bxf7+ Kg7 31.Be6 Bxe4 32.Kxe4 Qe2+ 33.Qe3 Qxe3+ {#R} 0-1

[Event "St Louis Spring Classic A"]
[Site "Saint Louis USA"]
[Date "2017.05.21"]
[Round "6.5"]
[White "Xiong,Jeffery"]
[Black "Mareco,S"]
[Result "0-1"]
[WhiteElo "2652"]
[BlackElo "2648"]

1.d4 Nf6 2.c4 e6 3.g3 c5 4.d5 exd5 5.cxd5 d6 6.Nc3 g6 7.Bg2 Bg7 8.Nf3 O-O
9.O-O Nbd7 10.Bf4 Qe7 11.Re1 h6 12.e4 Ng4 13.h3 Nge5 14.Be3 Nxf3+ 15.Qxf3 Ne5
16.Qd1 Bd7 17.Bf1 b5 18.Nxb5 Rab8 19.a4 a6 20.Nc3 Rxb2 21.Ra3 Rb4 22.f4 Nc4
23.Bxc4 Rxc4 24.Qd3 Bxc3 25.Rxc3 Rxe4 26.Qxa6 Bxa4 27.Ra3 Re8 28.Kh2 Qd7
29.Qa5 h5 30.Qc3 Qf5 31.Qd2 Bb5 32.Rb3 Bd7 {#R} 0-1

[Event "St Louis Spring Classic B"]
[Site "Saint Louis USA"]
[Date "2017.05.16"]
[Round "1.1"]
[White "Chirila,I"]
[Black "Abdumalik,Z"]
[Result "1-0"]
[WhiteElo "2536"]
[BlackElo "2420"]

1.d4 Nf6 2.Bf4 g6 3.Nc3 c5 4.d5 Qa5 5.Qd2 d6 6.e4 a6 7.f3 h6 8.Nge2 b5 9.Ng3
Nbd7 10.Be2 Bg7 11.O-O Nb6 12.Be3 Rb8 13.h3 h5 14.a3 Nfd7 15.Rfb1 Nc4 16.Bxc4
bxc4 17.Nge2 Qc7 18.Bg5 Ne5 19.Nd1 a5 20.Ne3 Ba6 21.Nc3 Nd7 22.f4 Bd4 23.Ne2
Qb6 24.c3 Bf6 25.h4 Bg7 26.f5 Ne5 27.fxg6 fxg6 28.Nf4 Bc8 29.Ne6 Bxe6 30.dxe6
Qc6 31.Nd5 Rb7 32.Rd1 Nd3 33.b3 Rxb3 34.Bxe7 Bh6 35.Bg5 Bg7 36.Rf1 Rb2 37.Qxb2
Nxb2 38.Rf7 Bxc3 39.Raf1 Bd4+ 40.Kh1 Qxd5 41.exd5 Nd3 42.Rc7 {#r} 1-0

[Event "St Louis Spring Classic B"]
[Site "Saint Louis USA"]
[Date "2017.05.16"]
[Round "1.2"]
[White "Paikidze,N"]
[Black "Lenderman,A"]
[Result "0-1"]
[WhiteElo "2372"]
[BlackElo "2587"]

1.d4 Nf6 2.c4 e6 3.Nc3 Bb4 4.e3 O-O 5.Bd3 d5 6.Ne2 dxc4 7.Bxc4 Nbd7 8.O-O e5
9.Qb3 Qe7 10.Ng3 g6 11.a3 Bd6 12.Nb5 Nb6 13.Nxd6 cxd6 14.dxe5 dxe5 15.Bd2 Nxc4
16.Qxc4 Qe6 17.Qh4 Bd7 18.f4 exf4 19.Rxf4 Nd5 20.Rd4 f5 21.e4 fxe4 22.Nxe4 Qb6
23.Ng5 h5 24.Kh1 Qxb2 25.Rg1 Rf5 26.Nf3 Bc6 27.Qg3 Kh7 28.Rxd5 Bxd5 29.Bc3 Qb6
30.Bd4 Qc6 31.Ne5 Qf6 32.Qc3 Re8 33.Ng4 Qc6 34.Qxc6 Bxc6 35.Nf6+ Rxf6 36.Bxf6
Re3 37.Rd1 Rxa3 38.h4 Ra2 39.Rd8 g5 40.hxg5 Rxg2 41.Rc8 Bd5 42.Rd8 Rxg5+
43.Kh2 Rg2+ 44.Kh3 Rd2 45.Ra8 Kg6 46.Be5 Rd3+ 47.Kh2 Kf5 48.Bc7 a6 49.Rf8+ Kg4
50.Rf4+ Kg5 51.Rf2 h4 {#R} 0-1

[Event "St Louis Spring Classic B"]
[Site "Saint Louis USA"]
[Date "2017.05.17"]
[Round "2.1"]
[White "Abdumalik,Z"]
[Black "Liang,Awonder"]
[Result "0-1"]
[WhiteElo "2420"]
[BlackElo "2488"]

1.e4 e5 2.Nf3 Nc6 3.Bb5 a6 4.Ba4 Nf6 5.O-O Be7 6.d3 b5 7.Bb3 d6 8.a4 Bd7 9.c3
O-O 10.Re1 Na5 11.Bc2 c5 12.Nbd2 Nc6 13.Nf1 Re8 14.Bg5 h6 15.Bd2 Bf8 16.Ne3
Be6 17.Bb3 Qd7 18.h3 Reb8 19.Bxe6 Qxe6 20.Qc2 Ne7 21.Kh2 Ng6 22.g3 Qd7 23.Bc1
Qc6 24.Qe2 Re8 25.Nd2 d5 26.exd5 Nxd5 27.Qf3 Rad8 28.axb5 axb5 29.Ra7 Re7
30.Ra5 e4 31.Nxe4 Ne5 32.Qg2 Nxd3 33.Rd1 Nxe3 34.Bxe3 Qxe4 35.Qxe4 Rxe4
36.Rxb5 c4 37.b3 cxb3 38.Rxb3 Ree8 39.Rb5 f6 40.Bb6 Rb8 41.c4 Ne5 42.Ba7 Ra8
{#R} 0-1

[Event "St Louis Spring Classic B"]
[Site "Saint Louis USA"]
[Date "2017.05.17"]
[Round "2.2"]
[White "Ali Marandi,C"]
[Black "Gelashvili,T"]
[Result "1-0"]
[WhiteElo "2479"]
[BlackElo "2563"]

1.d4 f5 2.Bg5 d5 3.e3 c6 4.c4 Nf6 5.Bxf6 exf6 6.Qb3 dxc4 7.Bxc4 Bd6 8.Ne2 Qe7
9.Nbc3 Nd7 10.Be6 Nb6 11.Bxc8 Rxc8 12.O-O-O Qf7 13.Qc2 g6 14.h4 Qe6 15.h5 Kf7
16.Kb1 Nc4 17.Ka1 b5 18.Nc1 Kg7 19.Nd3 a5 20.Rh4 g5 21.h6+ Kf7 22.Rhh1 a4
23.e4 Rhe8 24.Rde1 a3 25.b3 Nb2 26.exf5 Qxf5 27.Ne4 Bb8 28.Nxb2 axb2+ 29.Kxb2
Qg6 30.Re2 Red8 31.Qc5 Rd7 32.Rd1 Qxh6 33.Qf5 Rcd8 34.Rde1 Qg6 35.Nxg5+ Qxg5
36.Qxh7+ Kf8 37.Re8+ Rxe8 38.Qh8+ Kf7 39.Qxe8+ {#r} 1-0

[Event "St Louis Spring Classic B"]
[Site "Saint Louis USA"]
[Date "2017.05.17"]
[Round "2.3"]
[White "Fier,A"]
[Black "Chandra,Akshat"]
[Result "1-0"]
[WhiteElo "2569"]
[BlackElo "2495"]

1.e4 e5 2.Nf3 Nc6 3.Bb5 Nf6 4.d3 Bc5 5.c3 O-O 6.O-O d6 7.Bg5 h6 8.Bh4 g5 9.Bg3
Nh5 10.d4 Nxg3 11.hxg3 Bb6 12.Bxc6 bxc6 13.dxe5 g4 14.Nd4 dxe5 15.Nxc6 Bxf2+
16.Kxf2 Qf6+ 17.Kg1 Qxc6 18.Qe2 Rb8 19.c4 Be6 20.b3 Qc5+ 21.Kh2 Rbd8 22.Nc3 c6
23.Na4 Qe7 24.Qe3 Kg7 25.Rad1 h5 26.Qc5 Qxc5 27.Nxc5 Bc8 28.b4 f6 29.a4 Kf7
30.b5 Ke7 31.a5 Be6 32.b6 Bxc4 33.Rxd8 Rxd8 34.Rc1 Bb5 35.b7 f5 36.Rd1 Rb8
37.exf5 e4 38.Rd7+ Kf6 39.Nxe4+ Kxf5 40.Nc5 {#r} 1-0

[Event "St Louis Spring Classic B"]
[Site "Saint Louis USA"]
[Date "2017.05.17"]
[Round "2.4"]
[White "Lenderman,A"]
[Black "Belous,V"]
[Result "1-0"]
[WhiteElo "2587"]
[BlackElo "2587"]

1.d4 Nf6 2.c4 c5 3.d5 b5 4.cxb5 a6 5.bxa6 g6 6.Nc3 Bxa6 7.e4 Bxf1 8.Kxf1 d6
9.g3 Bg7 10.Kg2 O-O 11.Nf3 Nbd7 12.a4 Ra6 13.Qc2 Qa8 14.Ra3 Rc8 15.Rd1 Ng4
16.b3 Nge5 17.Nxe5 Nxe5 18.Bf4 c4 19.Bxe5 cxb3 20.Qxb3 Bxe5 21.Nb5 Qb7 22.Rd2
Raa8 23.Qd3 Qa6 24.Re2 Rc5 25.Raa2 h5 26.Rec2 Rac8 27.Qb3 Qb6 28.Rxc5 Qxc5
29.a5 h4 30.a6 Qc1 31.Qd3 Kg7 32.a7 Ra8 33.Qe2 h3+ 34.Kxh3 Qg1 35.f4 Bf6
36.Kg4 g5 37.e5 {#r} 1-0